ZAYN - Calamity (Lyrics) - Statistics

General Stats
  • This quiz has been taken 51 times
  • The average score is 182 of 274
Answer Stats
Answer % Correct
I
96%
no
96%
Nostalgia,
96%
the
96%
The
96%
what
96%
a
92%
be
92%
calamity,
92%
did
92%
feel
92%
feeling
92%
for
92%
funny
92%
my
92%
My
92%
this,
92%
this
92%
feelings
88%
from
88%
in
88%
it
88%
I've
88%
myself
88%
Whatever
88%
when
88%
you,
88%
your
88%
all
83%
been
83%
by,
83%
by
83%
do
83%
I'm
83%
of
83%
rap
83%
revealing
83%
sanity
83%
say
83%
time,
83%
And
79%
and
79%
But
79%
but
79%
fantasies
79%
Fuck
79%
is
79%
It's
79%
it's
79%
white
79%
You're
79%
you're
79%
die,
75%
going
75%
had
75%
not
75%
off
75%
or
75%
snake,
75%
wrap
75%
Can
71%
don't
71%
enough
71%
fell
71%
ladder
71%
linen
71%
that
71%
we
71%
willing
71%
can't
67%
depleted
67%
family
67%
just
67%
Just
67%
prefer
67%
speaking
67%
to
67%
trust
67%
actors
63%
like
63%
me
63%
mind's
63%
Mo
63%
more
63%
seen
63%
wet
63%
what's
63%
What's
63%
after
58%
analogies
58%
brain
58%
cannabis
58%
dark
58%
know
58%
listening
58%
lives
58%
miss
58%
never
58%
next
58%
Nobody,
58%
nobody
58%
on
58%
resist
58%
right
58%
So
58%
with
58%
BAFTA's
54%
dead
54%
exist
54%
late
54%
prison
54%
shape
54%
state
54%
straight
54%
There
54%
times
54%
are
50%
at
50%
have
50%
hear
50%
if
50%
Leave
50%
mark
50%
prism
50%
rumours
50%
same
50%
start,
50%
than
50%
There's
50%
abyss?
46%
choose
46%
left,
46%
life
46%
should
46%
sooner
46%
take?
46%
them
46%
face
42%
long
42%
run,
42%
sing,
42%
still
42%
view's
42%
which
42%
barrel
38%
down
38%
Farah
38%
light
38%
press
38%
stake
38%
carol
33%
room
33%
sprint
33%
tryna
33%
Years
33%
bother
29%
gone,
29%
other,
29%
pass
29%
rewind
29%
space?
29%
watch
29%
bed
25%
cousin
25%
fix
25%
They're
25%
two
25%
wanna
25%
lock
21%
mean
21%
now
21%
sleep
21%
thought
21%
ties
21%
death's
17%
dozen
17%
four
17%
lovers
17%
most
17%
shudders
17%
through
17%
weeks
17%
No matching quizzes found
Score Distribution
Percent of People with Each Score
Percentile by Number Answered
Your Score History
You have not taken this quiz